Духовно-нравственное развитие и воспитание школьников при изучении краеведения в рамках ФГОС; Ресурсоэффективные системы в управлении и контроле: взгляд в будущее

গ্রন্থ-পঞ্জীর বিবরন
Parent link:Ресурсоэффективные системы в управлении и контроле: взгляд в будущее.— 2017.— [С. 182-183]
প্রধান লেখক: Сабирова С. А.
সংস্থা লেখক: Муниципальное бюджетное общеобразовательное учреждение основная общеобразовательная школа № 14 хутора Прикубанского муниципального образования Славянский район
সংক্ষিপ্ত:Заглавие с экрана
ভাষা:রুশ
প্রকাশিত: 2017
মালা:Образовательные технологии в области контроля и управления
বিষয়গুলি:
অনলাইন ব্যবহার করুন:http://earchive.tpu.ru/handle/11683/44631
বিন্যাস: বৈদ্যুতিক গ্রন্থের অধ্যায়
KOHA link:https://koha.lib.tpu.ru/cgi-bin/koha/opac-detail.pl?biblionumber=624926

MARC

LEADER 00000naa2a2200000 4500
001 624926
005 20231101133334.0
035 |a (RuTPU)RU\TPU\conf\24186 
035 |a RU\TPU\conf\24185 
090 |a 624926 
100 |a 20171204d2017 k y0rusy50 ca 
101 0 |a rus 
102 |a RU 
105 |a y z 101zy 
135 |a drgn ---uucaa 
181 0 |a i  
182 0 |a b 
200 1 |a Духовно-нравственное развитие и воспитание школьников при изучении краеведения в рамках ФГОС  |f С. А. Сабирова 
203 |a Текст  |c электронный 
225 1 |a Образовательные технологии в области контроля и управления 
230 |a 1 компьютерный файл (pdf; 267 Кб) 
300 |a Заглавие с экрана 
463 0 |0 (RuTPU)RU\TPU\conf\23960  |t Ресурсоэффективные системы в управлении и контроле: взгляд в будущее  |o сборник научных трудов VI Международной конференции школьников, студентов, аспирантов, молодых ученых, 9 -14 октября 2017 г., г. Томск  |f Национальный исследовательский Томский политехнический университет (ТПУ)  |v [С. 182-183]  |d 2017 
610 1 |a электронный ресурс 
610 1 |a духовное развитие 
610 1 |a нравственное развитие 
610 1 |a воспитание 
610 1 |a школьники 
610 1 |a краеведение 
700 1 |a Сабирова  |b С. А. 
712 0 2 |a Муниципальное бюджетное общеобразовательное учреждение основная общеобразовательная школа № 14 хутора Прикубанского муниципального образования Славянский район 
801 2 |a RU  |b 63413507  |c 20171206  |g RCR 
856 4 |u http://earchive.tpu.ru/handle/11683/44631 
942 |c BK